Top gole courses of the world / (Record no. 44706)
[ view plain ]
| 000 -LEADER | |
|---|---|
| fixed length control field | 00753nam a22002054a 4500 |
| 005 - DATE AND TIME OF LATEST TRANSACTION | |
| control field | 20100909115720.0 |
| 020 ## - INTERNATIONAL STANDARD BOOK NUMBER | |
| International Standard Book Number | 9781845379018 |
| Terms of availability | £ 9.75 |
| 037 ## - SOURCE OF ACQUISITION | |
| Source of stock number/acquisition | Abilash Book Centre |
| 082 00 - DEWEY DECIMAL CLASSIFICATION NUMBER | |
| Classification number | 796.352 |
| 100 ## - MAIN ENTRY--PERSONAL NAME | |
| Personal name | Whales, Chris |
| 245 10 - TITLE STATEMENT | |
| Title | Top gole courses of the world / |
| Statement of responsibility, etc | by Chris Whales [and] Duncan Chruickshank |
| 250 ## - EDITION STATEMENT | |
| Edition statement | 2nd ed. |
| 260 ## - PUBLICATION, DISTRIBUTION, ETC. (IMPRINT) | |
| Name of publisher, distributor, etc | New Holland Publishers |
| Date of publication, distribution, etc | 2007 |
| Place of publication, distribution, etc | London |
| 270 ## - ADDRESS | |
| Address | 86 Edgware Road, |
| City | London |
| 300 ## - PHYSICAL DESCRIPTION | |
| Extent | 160p. |
| Other physical details | photos |
| Dimensions | 30cm(Hb) |
| 700 ## - ADDED ENTRY--PERSONAL NAME | |
| Personal name | Chruickshank, Duncan |
| 9 (RLIN) | 19104 |
| 942 ## - ADDED ENTRY ELEMENTS (KOHA) | |
| Source of classification or shelving scheme | Dewey Decimal Classification |
| Item type | English Books |
| Classification part | 796.352 |
| Call number suffix | WHA |
| Withdrawn status | Lost status | Not for loan | Collection code | Home library | Current library | Date acquired | Cost, normal purchase price | Full call number | Copy number | Cost, replacement price | Koha item type |
|---|---|---|---|---|---|---|---|---|---|---|---|
| Ordered | Non-fiction | Andrews Gunj | Andrews Gunj | 09/09/2010 | 0.00 | 796.352 WHA | 1 | 0.00 | English Books |
